000 00999cam a22002538a 4500
005 20080916184717.0
008 080911s2008 ii 001 0 eng
010 _aENG-91954
020 _a9788184501223
_c1250.00
035 _aEN-75487
037 _bDBAD / PUB
040 _adpl
_bEnglish
082 _a364.954
100 _aDogra, Shiv Kumar
245 _aCriminal justice administration in India /
_cby Shiv Kumar Dogara ; foreword by J.K. Chauhan
260 _aNew Delhi
_bDeep & Deep Publications
_c2009
270 _aF-159, Rajouri Garden,
_bNew Delhi
_e110027
300 _axvi,328p.
_c23cm (Hb)
500 _aIncludes bibliographical references and index.
650 _aCriminal justice, Administration of
_zIndia.
650 _aPolice
_zIndia.
942 _2ddc
_cEN
_mDOG
_h364.954
999 _c19371
_d19371